<?xml version="1.0" encoding="UTF-8"?>
<record
    xmlns:xsi="http://www.w3.org/2001/XMLSchema-instance"
    xsi:schemaLocation="http://www.loc.gov/MARC21/slim http://www.loc.gov/standards/marcxml/schema/MARC21slim.xsd"
    xmlns="http://www.loc.gov/MARC21/slim">

  <leader>00733nam a22001937a 4500</leader>
  <datafield tag="999" ind1=" " ind2=" ">
    <subfield code="c">178006</subfield>
    <subfield code="d">178006</subfield>
  </datafield>
  <controlfield tag="005">20210311161822.0</controlfield>
  <datafield tag="010" ind1=" " ind2=" ">
    <subfield code="a">UR-11069</subfield>
  </datafield>
  <datafield tag="020" ind1=" " ind2=" ">
    <subfield code="c">60.00</subfield>
    <subfield code="a">66/77/2018</subfield>
  </datafield>
  <datafield tag="035" ind1=" " ind2=" ">
    <subfield code="a">U-9624</subfield>
  </datafield>
  <datafield tag="037" ind1=" " ind2=" ">
    <subfield code="b">DBAD/PUB</subfield>
  </datafield>
  <datafield tag="082" ind1=" " ind2=" ">
    <subfield code="a">270</subfield>
  </datafield>
  <datafield tag="100" ind1=" " ind2=" ">
    <subfield code="a">&#x627; &#x64A;&#x688; &#x64A;&#x679;&#x631;:&#x634;&#x641;&#x64A;&#x642; &#x627; &#x644;&#x631; &#x62D;&#x645;&#x646;</subfield>
  </datafield>
  <datafield tag="245" ind1=" " ind2=" ">
    <subfield code="a">&#x62F; &#x639;&#x648; &#x62A;:&#x627; &#x646;&#x633;&#x627; &#x646;&#x6CC; &#x633;&#x645;&#x627; &#x62C;&#x6CC; &#x627; &#x648; &#x631; &#x627; &#x633;&#x644;&#x627; &#x645;&#x6CC; &#x627; &#x62E;&#x644;&#x627; &#x642;&#x64A;&#x627; &#x62A;</subfield>
    <subfield code="c">&#x627; &#x64A;&#x688; &#x64A;&#x679;&#x631;:&#x634;&#x641;&#x64A;&#x642; &#x627; &#x644;&#x631; &#x62D;&#x645;&#x646; </subfield>
  </datafield>
  <datafield tag="246" ind1=" " ind2=" ">
    <subfield code="b">Dawat : Insani Samaji Aur Islami Ikhlaquiat(Urdu)</subfield>
    <subfield code="a">Edited by Shafique Ur Rehman</subfield>
  </datafield>
  <datafield tag="260" ind1=" " ind2=" ">
    <subfield code="a">Muradabad</subfield>
    <subfield code="c">2018 &#x621;</subfield>
    <subfield code="b">Mohd. Ahmed</subfield>
  </datafield>
  <datafield tag="270" ind1=" " ind2=" ">
    <subfield code="a">Bharat Offset Press,2035Qasimjan Street,Ballimaran,</subfield>
    <subfield code="b">Delhi</subfield>
    <subfield code="e">110006</subfield>
    <subfield code="l">-</subfield>
  </datafield>
  <datafield tag="300" ind1=" " ind2=" ">
    <subfield code="a">210 &#x635; </subfield>
    <subfield code="c">22 Cm(Hb)</subfield>
  </datafield>
  <datafield tag="942" ind1=" " ind2=" ">
    <subfield code="2">ddc</subfield>
    <subfield code="c">UR</subfield>
    <subfield code="h">270</subfield>
    <subfield code="m">&#x62F; &#x639; &#x648; </subfield>
  </datafield>
  <datafield tag="952" ind1=" " ind2=" ">
    <subfield code="0">0</subfield>
    <subfield code="1">0</subfield>
    <subfield code="4">0</subfield>
    <subfield code="7">0</subfield>
    <subfield code="8">NFIC</subfield>
    <subfield code="a">DBAD</subfield>
    <subfield code="b">DBAD</subfield>
    <subfield code="d">2021-03-11</subfield>
    <subfield code="e">DBAD/PUB</subfield>
    <subfield code="g">60.00</subfield>
    <subfield code="l">0</subfield>
    <subfield code="o">270 &#x62F; &#x639; &#x648;</subfield>
    <subfield code="p">U-9625</subfield>
    <subfield code="r">2021-03-11 00:00:00</subfield>
    <subfield code="t">1</subfield>
    <subfield code="v">60.00</subfield>
    <subfield code="w">2021-03-11</subfield>
    <subfield code="y">UR</subfield>
  </datafield>
</record>
